Normal view
MARC view
- Leon, Steven J
Entry Personal Name
001 - CONTROL NUMBER
- control field: 102586
003 - CONTROL NUMBER IDENTIFIER
- control field: NUST
005 - DATE AND TIME OF LATEST TRANSACTION
- control field: 20221114143719.0
008 - FIXED-LENGTH DATA ELEMENTS
- fixed length control field: 221114|| aca||aabn | a|a d
040 ## - CATALOGING SOURCE
- Original cataloging agency: NUST
- Transcribing agency: NUST
100 ## - HEADING--PERSONAL NAME
- Personal name: Leon, Steven J
670 ## - SOURCE DATA FOUND
- Source citation: Work cat.: (NUST)179001: Leon, Steven J., Linear algebra with applications /, c1986.
